US States Without a Map - Statistics

General Stats
  • This quiz has been taken 10 times
  • The average score is 45 of 50
Answer Stats
Answer % Correct
Alabama
100%
Arizona
100%
Arkansas
100%
California
100%
Colorado
100%
Kansas
100%
Louisiana
100%
Maine
100%
Maryland
100%
North Carolina
100%
Ohio
100%
Oregon
100%
Rhode Island
100%
South Carolina
100%
Utah
100%
Virginia
100%
Washington
100%
West Virginia
100%
Wyoming
100%
Alaska
88%
Delaware
88%
Florida
88%
Hawaii
88%
Idaho
88%
Illinois
88%
Massachusetts
88%
Michigan
88%
Minnesota
88%
Mississippi
88%
Montana
88%
Nebraska
88%
New Hampshire
88%
New Jersey
88%
New Mexico
88%
New York
88%
North Dakota
88%
Oklahoma
88%
South Dakota
88%
Texas
88%
Vermont
88%
Wisconsin
88%
Connecticut
75%
Georgia
75%
Indiana
75%
Iowa
75%
Kentucky
75%
Missouri
75%
Nevada
75%
Pennsylvania
75%
Tennessee
75%
No matching quizzes found
Score Distribution
Percent of People with Each Score
Percentile by Number Answered
Your Score History
You have not taken this quiz